000 00685nam a2200181 a 4500
005 20260308111849.0
008 260215s2026##################000#0#eng##
020 _a9780521474672
_qhbk.
082 0 4 _a303.4
_bBAN
245 1 0 _aSelf-Efficacy in Changing Societies /
_cedited by Albert Bandura.
260 _aCambridge :
_bCambridge University Press,
_c1995.
300 _axv, 334 p. ;
_c20 cm.
504 _aindex
520 _aSelf-Efficacy in Changing Societies analyzes the diverse ways in which beliefs of personal efficacy operate within a network of sociocultural influences to shape life paths - Amazon.
650 _aSociology.
700 _aBandura, Albert.
942 _cREF
999 _c612657
_d612657